LEADER 01151nam a2200301 a 4500 001 000000129532 003 CaOOAMICUS 005 20120705111337.0 008 120705s2012 it u000 u ita u 020 $a978-88-244-3325-9 040 $aPUL$bita 082 04$a340 100 1 $aDi Majo, Dario.$0(OLS)http://pul/name/82904 245 10$aCompendio di diritto fallimentare /$cDario Di Majo. 250 $a8. ed. 260 $aNapoli :$bEdizioni Giuridiche Simone,$c2012. 300 $a224 p. ;$c21 cm. 500 $aSulla cop.: 9/1. 500 $aInclude indice. 650 4$aDiritto fallimentare$zItalia.$0(OLS)http://pul/subject/34853 850 $aPUL 852 $aPUL$W1$xDP2 Diritto e Scienze Sociali 3$y110$m340 COLL 3.9.1$j150024$qDDC 21$B148545$CPULBib$Z2$F148545 $H120266 $82 941 1 $a9 996 $6020$a978-88-244-3325-9$9(OLS)http://pul/number/150177 996 $6082$a340$9(OLS)http://pul/classification/419 996 $6245$aCompendio di diritto fallimentare$9(OLS)http://pul/title/163702 996 $6260$aNapoli :$bEdizioni Giuridiche Simone$9(OLS)http://pul/publisher/69730 LEADER 01403nam a2200349 u 4500 001 000000059254 003 CaOOAMICUS 005 20070226120800.0 008 010625s1996 it u000 u ita u 020 $a8818701681 035 $a10894014 040 $aMSA$bita$dPUL(R) 041 1 $aita$agrc 100 0 $aAristoteles,$d384-322 a.C.$0(OLS)http://pul/name/792 240 10$aDe anima$9(Aristoteles, 384-322 a.C.).$lItaliano e greco.$0(OLS)http://pul/title/79359 245 12$aL'anima /$cAristotele ; introduzione, traduzione, note e apparati di Giancarlo Movia. 250 $a1. ed. 260 $aMilano :$bRusconi,$c1996. 300 $a379 p. ;$c21 cm 490 1 $aTesti a fronte ;$v35 500 $aIn calce al front.: Testo greco a fronte. 504 $a"Bibliografia": pp. [342]-374. 700 1 $aMovia, Giancarlo.$0(OLS)http://pul/name/32388 830 0$aTesti a fronte ;$v35.$0(OLS)http://pul/title/7181 850 $aPUL 852 $aPUL$W1$xSL Filosofia 2$y80$mPhil A2 35$j77285$nBK-PRI$b $qStampati altre collocazioni$B77285$CPULBib$Z2$F77285 $H $81 900 $aAristotle,$d 384-322 a.C.$9792 900 $aAristotele,$d384-322 a.C.$9792 941 1 $a10 996 $6020$a8818701681$9(OLS)http://pul/number/75333 996 $6245$aL'anima$9(OLS)http://pul/title/38187 996 $6260$aMilano :$bRusconi$9(OLS)http://pul/publisher/47863